| 000 | 01060nam a22003137a 4500 | ||
|---|---|---|---|
| 003 | EG-ScBUE | ||
| 005 | 20220619134833.0 | ||
| 008 | 110602s2008 enka f 000 f eng d | ||
| 020 | _a1405882514 | ||
| 020 | _a9781405882514 | ||
| 040 |
_aEG-ScBUE _beng _erda _cEG-ScBUE _dEG-ScBUE |
||
| 082 | 0 | 4 |
_222 _a823.912 _bLAW |
| 100 | 1 |
_97969 _aLawrence, D. H. _q(David Herbert), _d1885-1930, _eauthor. |
|
| 245 | 1 | 0 |
_aSons and lovers / _cD. H. Lawrence ; retold by J. Y. K. Kerr. |
| 264 | 1 |
_aHarlow, England : _bPearson Education Limited, _c2008. |
|
| 300 |
_a76 pages : _billustrations ; _c20 cm. |
||
| 336 |
_2rdacontent _atext _btxt |
||
| 337 |
_2rdamedia _aunmediated _bn |
||
| 338 |
_2rdacarrier _avolume _bnc |
||
| 490 | 0 |
_aPenguin readers ; _vlevel 5 |
|
| 521 | _aB2: Upper-Intermediate | ||
| 650 | 7 |
_924570 _aWorking class families _vFiction. _2BUEsh |
|
| 650 | 7 |
_97971 _aYoung men _vFiction. _2BUEsh |
|
| 651 | _2BUEsh | ||
| 653 |
_cJune2011 _bHHUUEENN |
||
| 655 |
_vReading book _934232 |
||
| 700 | 1 |
_924569 _aKerr, J. Y. K., _econtributor. |
|
| 942 |
_2ddc _cBB |
||
| 999 |
_c15508 _d15508 |
||